Optical fiber communications

Gespeichert in:
Bibliographische Detailangaben
1. Verfasser: Keiser, Gerd (VerfasserIn)
Format: Buch
Sprache:Englisch
Veröffentlicht: Nueva York McGraw Hill 1991
Ausgabe:2a. ed
Schriftenreihe:Communications and Signal Processing
Schlagworte:
Tags: Tag hinzufügen
Keine Tags, Fügen Sie den ersten Tag hinzu!

MARC

LEADER 00000nam a2200000 a 4500
001 UCM2662
003 CL-VaPUC
008 020613e19910000US |||||||||||||||||eng|d
082 0 4 |a 621.38275  |b KEI  |2 21 
100 0 |a Keiser, Gerd  |e author  |9 469379 
245 1 0 |a Optical fiber communications 
250 |a 2a. ed 
300 |a 461 p 
942 |c BK 
945 |d 20020613 00:00:00  |a vberengu 
260 |a Nueva York  |b McGraw Hill  |c 1991 
650 7 |a FIBRA OPTICA  |2 CL-VaPUC  |9 406978 
650 0 |a Sistemas de comunicación   |9 260934 
650 7 |a DETECTORES  |2 CL-VaPUC  |9 427981 
583 |a last modification  |c 20020613 00:00:00  |k Rodrigo Vera 
490 0 |a Communications and Signal Processing 
999 |c 300392  |d 300390 
952 |0 0  |1 0  |4 0  |6 621_382750000000000_KEI_1991  |7 0  |8 A  |9 358091  |a BIBING  |b BIBING  |d 2019-11-21  |i 3818292  |l 5  |o 621.38275 KEI 1991  |p 3818292  |r 2025-01-20  |s 2024-07-19  |w 2019-11-21  |y BK  |k EIE